000 00205nam a22001097a 4500
041 _aeng
080 _a80
100 _aDrutschkiw, N.
245 _aDeutsch im Spiel 1.
650 _aGerman
999 _c282406
_d282406
942 _cBK